Elfes de l'univers de Tolkien en rébus - Statistiques

Statistiques générales
  • Ce quiz a été pris 746 fois
  • Le résultat moyen est 4 sur 10
Réponses sur la Carte
Les réponses sont colorées sur une échelle allant du rouge au vert en fonction du pourcentage des utilisateurs qui les ont devinées à leur premier essai. Vous pouvez retrouver ces pourcentages ci-dessous.
 
Statistiques - réponses
Personnages % Correct
Fëanor
92%
Elrond
72%
Legolas
69%
Miriel
46%
Círdan
42%
Lúthien
40%
Arwen
34%
Caranthir
19%
Elwë
19%
Aredhel
6%
Aucun quiz correspondant
Distribution des résultats
% des personnes avec chaque résultat
Percentile par nombre de réponses
Votre historique - résultats
Vous n’avez pas pris ce quiz